000 00583nam a2200193Ia 4500
003 GCL
008 140319s9999 xx 000 0 ara d
040 _aGCL /
_cGCL
082 0 4 _a377.1
_bل ا
100 1 _aلطفى بركات
245 1 0 _aالتربية الاسلامية /
_cلطفى بركات
260 _a[S.N] :
_bالعربى للنشر والتوزيع ،
_c1992
300 _a124 ص
490 _a
650 0 4 _aالاسلام
650 0 4 _aالاخلاق الاسلامية
650 0 4 _aالتربية الاسلامية - طرق تدريس
942 _2ddc
_cBK
999 _c52747
_d52747